Normal view
MARC view
- Kunte Sharad
Entry Personal Name
001 - CONTROL NUMBER
- control field: 213093
003 - CONTROL NUMBER IDENTIFIER
- control field: OSt
005 - DATE AND TIME OF LATEST TRANSACTION
- control field: 20250916094115.0
008 - FIXED-LENGTH DATA ELEMENTS
- fixed length control field: 250916|| aca||aabn | a|a d
040 ## - CATALOGING SOURCE
- Original cataloging agency: OSt
- Transcribing agency: OSt
100 ## - HEADING--PERSONAL NAME
- Personal name: Kunte Sharad
670 ## - SOURCE DATA FOUND
- Source citation: Work cat.: (OSt)367669: Kunte Sharad, Sanskar Katha, 2024